[Event "Zagorovsky mem corr"]
[Site "RCCA corr"]
[Date "2003.??.??"]
[Round "?"]
[White "Elyakim, Daniel"]
[Black "Grodzensky, Sergey Yakovlevich"]
[Result "1-0"]
[WhiteElo "2570"]
[BlackElo "2458"]
[PlyCount "153"]
[EventDate "1999.10.01"]
[EventType "tourn (corr)"]
[EventRounds "10"]
[EventCountry "RUS"]
[SourceTitle "Corr 2008"]
[Source "ChessBase"]
[SourceDate "2008.06.24"]
[SourceVersion "1"]
[SourceVersionDate "2008.06.24"]
[SourceQuality "1"]

1. e4 e5 2. Nf3 Nf6 3. Nc3 Nc6 4. Bb5 Bb4 5. 0-0 0-0 6. d3 d6 7. Ne2 Bg4 8. c3 Bc5 9. Ng3 Nh5 10. Nf5 Bb6 11. Ne3 Bxe3 12. fxe3 Qe7 13. Bd2 Nd8 14. Be1 Ne6 15. h3 Bxf3 16. Rxf3 c6 17. Bc4 g6 18. Rf1 b5 19. Bb3 Nc5 20. Bc2 Qg5 21. b4 Nb7 22. Rf3 Rfc8 23. Bb3 Nd8 24. a4 a6 25. Ra2 Qe7 26. Rf1 Ne6 27. Qg4 Nhg7 28. Bh4 g5 29. Be1 Rf8 30. Qf3 Rac8 31. g4 c5 32. Qe2 cxb4 33. cxb4 Rc7 34. Bd2 Rb8 35. axb5 axb5 36. Kg2 Nd8 37. Qf2 Ne8 38. Ra5 Kg7 39. Qf3 h6 40. Raa1 Nf6 41. Rf2 Nh7 42. Kh2 Nf8 43. Rff1 Rbb7 44. Qe2 Nfe6 45. Bc1 Rc3 46. Qd1 Ra7 47. Rb1 Rc8 48. Bb2 Nf8 49. Qe2 Ng6 50. Rf2 Rac7 51. Rbf1 d5 52. Bxd5 Qxb4 53. Qd1 Ne6 54. Qa1 Qd6 55. Kh1 b4 56. Rf6 Rd7 57. Qd1 Nh4 58. Qe2 Rc3 59. Bxc3 bxc3 60. Qa2 Rc7 61. Bc4 Ng6 62. R6f2 Qb6 63. Qe2 Nd8 64. Qe1 Qb4 65. Rc2 Rxc4 66. dxc4 Qxc4 67. Kg1 Qxe4 68. Qxc3 Ne6 69. Rcf2 Qb7 70. Rxf7+ Qxf7 71. Rxf7+ Kxf7 72. Kf2 Kf6 73. Qc8 Kf7 74. Kf3 Nef8 75. Ke4 Ne6 76. Qb7+ Kf6 77. Kd5 1-0

[Event "Zagorovsky mem corr"]
[Site "RCCA corr"]
[Date "2002.??.??"]
[Round "?"]
[White "Elyakim, Daniel"]
[Black "Kopylov, Igor Aleksandrovich"]
[Result "1-0"]
[WhiteElo "2570"]
[BlackElo "2550"]
[PlyCount "79"]
[EventDate "1999.10.01"]
[EventType "tourn (corr)"]
[EventRounds "10"]
[EventCountry "RUS"]
[SourceTitle "Corr 2008"]
[Source "ChessBase"]
[SourceDate "2008.06.24"]
[SourceVersion "1"]
[SourceVersionDate "2008.06.24"]
[SourceQuality "1"]

1. e4 c5 2. Nf3 d6 3. d4 cxd4 4. Nxd4 Nf6 5. Nc3 a6 6. Be2 e6 7. 0-0 Be7 8. Be3 0-0 9. f4 Nc6 10. Kh1 Qc7 11. Qe1 e5 12. fxe5 dxe5 13. Qg3 Bd8 14. Nb3 Be6 15. Rad1 Kh8 16. Nc5 Nd4 17. Bxd4 exd4 18. Qxc7 Bxc7 19. Rxd4 Be5 20. Nxe6 fxe6 21. Rb4 Rf7 22. Nd1 Rc7 23. Bd3 Rac8 24. a4 Nd7 25. Ne3 Bd6 26. Rb3 Ne5 27. Be2 h6 28. g3 Be7 29. c3 Rd8 30. Rb6 Nc6 31. Nc4 Bc5 32. Rb3 e5 33. Bg4 Re7 34. Bh5 g5 35. Rf6 Kg7 36. Rg6+ Kh7 37. Rxb7 Rxb7 38. Rxc6 Ba7 39. Kg2 Rf8 40. b4 1-0

[Event "Zagorovsky mem corr"]
[Site "RCCA corr"]
[Date "2001.??.??"]
[Round "?"]
[White "Elyakim, Daniel"]
[Black "Johnson, Maurice W"]
[Result "1-0"]
[WhiteElo "2570"]
[BlackElo "2579"]
[PlyCount "61"]
[EventDate "1999.10.01"]
[EventType "tourn (corr)"]
[EventRounds "10"]
[EventCountry "RUS"]
[SourceTitle "Corr 2008"]
[Source "ChessBase"]
[SourceDate "2008.06.24"]
[SourceVersion "1"]
[SourceVersionDate "2008.06.24"]
[SourceQuality "1"]

1. e4 c5 2. Nf3 d6 3. d4 cxd4 4. Nxd4 Nf6 5. Nc3 g6 6. Be3 Bg7 7. f3 Nc6 8. Qd2 0-0 9. Bc4 Bd7 10. 0-0-0 Rc8 11. Bb3 Ne5 12. h4 h5 13. Bh6 a5 14. Bxg7 Kxg7 15. f4 Neg4 16. Rhe1 Rc5 17. Nf3 Qc7 18. Qd4 a4 19. Nxa4 Bxa4 20. Qxa4 e5 21. fxe5 dxe5 22. Ng5 Qb6 23. Rd2 Ne3 24. Bxf7 Rxf7 25. Rxe3 Rfc7 26. Qb3 Rb5 27. Qa3 Ra5 28. Rd6 Rxa3 29. Rxb6 Rxe3 30. Ne6+ Kf7 31. Nxc7 1-0

[Event "Zagorovsky mem corr"]
[Site "RCCA corr"]
[Date "2001.??.??"]
[Round "?"]
[White "Grigoryev, Valery Borisovich"]
[Black "Elyakim, Daniel"]
[Result "1/2-1/2"]
[WhiteElo "2465"]
[BlackElo "2570"]
[PlyCount "49"]
[EventDate "1999.10.01"]
[EventType "tourn (corr)"]
[EventRounds "10"]
[EventCountry "RUS"]
[SourceTitle "Corr 2008"]
[Source "ChessBase"]
[SourceDate "2008.06.24"]
[SourceVersion "1"]
[SourceVersionDate "2008.06.24"]
[SourceQuality "1"]

1. e4 e5 2. Nf3 Nc6 3. Bb5 a6 4. Ba4 Nf6 5. 0-0 Nxe4 6. d4 b5 7. Bb3 d5 8. dxe5 Be6 9. c3 Be7 10. Bc2 0-0 11. Qe2 Qd7 12. Nd4 f5 13. f3 Ng5 14. Bxg5 Nxd4 15. cxd4 Bxg5 16. Nd2 Be7 17. Nb3 a5 18. f4 a4 19. Nc5 Bxc5 20. dxc5 Qe7 21. Qe3 Rfd8 22. Qd4 c6 23. Rf3 g6 24. Re1 Ra7 25. Ree3 1/2-1/2